Star Wars Characters- AOTC - Statistics

General Stats
  • This quiz has been taken 106 times
  • The average score is 21 of 27
Answer Stats
Hint Answer % Correct
The Chosen One Anakin Skywalker
100%
The Chosen One's Master Obi-Wan Kenobi
100%
Senator of Naboo Padme Amidala
98%
Chancellor Sheev Palpatine
95%
Clone Son of Bounty Hunter Boba Fett
94%
Bounty Hunter; Clone Template Jango Fett
94%
Jedi Grand Master Yoda
94%
Jedi w/ Purple Lightsaber Mace Windu
93%
Protocol Droid C-3PO
92%
Darth Sidious' Apprentice Count Dooku
92%
Astromech Droid R2-D2
92%
Jedi w/ Mask Plo Koon
82%
Mother of the Chosen One Shmi Skywalker
81%
Jedi w/ Tall Head Ki-Adi Mundi
79%
Son of Above Owen Lars
76%
Junior Representative of Naboo Jar Jar Binks
74%
Jedi who Smiles Kit Fisto
73%
Trade Federation Leader Nute Gunray
73%
Wife of Above Beru Lars
70%
Archduke of Geonosis Poggle the Lesser
63%
Bounty Hunter hired by Above Zam Wesell
63%
Prime Minister of Kamino Lama Su
60%
Husband of the Above Cliegg Lars
54%
Owner of Dexter's Diner Dexter Jettster
54%
Techno Union Foreman Wat Tambor
54%
Jedi who Ran the Archives Jocasta Nu
52%
Prime Minister of Kamino's Aide Taun We
50%
No matching quizzes found
Score Distribution
Percent of People with Each Score
Percentile by Number Answered
Your Score History
You have not taken this quiz